Arquitectura vernácula dispersa en la comarca de Tierra de Mérida - Vegas Bajas : cortijos y casas de campo / José Maldonado Escribano cortijos y casas de campo / José Maldonado Escribano
ISBN:
978-84-9852-184-9
Publicado:
Badajoz :
Archivo Histórico Provincial de Badajoz : Junta de Extremadura. Consejería de Cultura y Turismo ,
2009
Descripción Física:
266 p. : il. col. ; 24 cm
MARC
| LEADER | 00000nam a2200000Ia 4500 | ||
|---|---|---|---|
| 001 | 22351 | ||
| 003 | BGR | ||
| 005 | 20260324175819.0 | ||
| 008 | 160829s2009 xx 000 0 cat d | ||
| 020 | |a 978-84-9852-184-9 | ||
| 080 | |a B-2-212 | ||
| 100 | |a Maldonado Escribano, José |9 42189 | ||
| 245 | |a Arquitectura vernácula dispersa en la comarca de Tierra de Mérida - Vegas Bajas : |b cortijos y casas de campo / José Maldonado Escribano | ||
| 260 | |a Badajoz : |b Archivo Histórico Provincial de Badajoz : |b Junta de Extremadura. Consejería de Cultura y Turismo, |c 2009 | ||
| 300 | |a 266 p. : |b il. col. ; |c 24 cm | ||
| 590 | |a Bibliografia | ||
| 650 | |a Masos, masies, etc. |x Tierras de Mérida - Vegas Bajas (Badajoz) |9 42190 | ||
| 710 | 1 | |a Extremadura. |b Consejería de Cultura y Turismo |9 54128 | |
| 710 | 1 | |a Archivo Histórico Provincial de Badajoz |9 70427 | |
| 901 | |a Arxiu | ||
| 942 | |n 1 |2 udc |c MON | ||
| 952 | |0 0 |1 0 |4 0 |6 B2212 |7 1 |9 50700 |a Arxiu |b Arxiu |d 2016-12-01 |l 0 |o B-2-212 |p 22351 |r 2016-12-01 00:00:00 |w 2016-12-01 |y ARXIU | ||
| 999 | |c 54542 |d 54542 | ||